<?xml version="1.0" encoding="UTF-8"?>
<collection xmlns="http://www.loc.gov/MARC21/slim">
<record>
  <controlfield tag="001">112612</controlfield>
  <controlfield tag="005">20220531095345.0</controlfield>
  <datafield tag="037" ind1=" " ind2=" ">
    <subfield code="a">TAZ-TFG-2022-651</subfield>
  </datafield>
  <datafield tag="041" ind1=" " ind2=" ">
    <subfield code="a">spa</subfield>
  </datafield>
  <datafield tag="100" ind1="1" ind2=" ">
    <subfield code="a">Blanco Tolosana, Irene</subfield>
  </datafield>
  <datafield tag="242" ind1="0" ind2="0">
    <subfield code="a">Exclusive breastfeeding early abandonment prevention program</subfield>
  </datafield>
  <datafield tag="245" ind1="0" ind2="0">
    <subfield code="a">Programa de prevención del abandono temprano de la lactancia materna exclusiva</subfield>
  </datafield>
  <datafield tag="260" ind1=" " ind2=" ">
    <subfield code="a">Zaragoza</subfield>
    <subfield code="b">Universidad de Zaragoza</subfield>
    <subfield code="c">2022</subfield>
  </datafield>
  <datafield tag="506" ind1=" " ind2=" ">
    <subfield code="a">by-nc-sa</subfield>
    <subfield code="b">Creative Commons</subfield>
    <subfield code="c">3.0</subfield>
    <subfield code="u">http://creativecommons.org/licenses/by-nc-sa/3.0/</subfield>
  </datafield>
  <datafield tag="520" ind1=" " ind2=" ">
    <subfield code="a">La lactancia materna Exclusiva (LME) es el mejor modelo alimenticio&lt;br />para los neonatos debido a sus numerosos beneficios materno-infantiles. Está&lt;br />recomendada por las diferentes entidades científicas hasta los 6 meses individualmente,&lt;br />y hasta los dos años de edad junto con la introducción de diversos alimentos.&lt;br />A pesar de la voluntad de gran parte de madres de mantener este tipo de alimentación&lt;br />en el inicio, las tasas de abandono precoz de la LME son muy elevadas. Ello es debido a&lt;br />la falta de percepción de apoyo e información de los profesionales y entornos sanitarios,&lt;br />patologías que se desarrollan durante el proceso y factores socioeconómicos entre otros.&lt;br />El objetivo de este trabajo fue diseñar un plan de educación para la salud sobre prevención del abandono&lt;br />temprano de la LME.&lt;br />Metodológicamente, se ha realizado una revisión bibliográfica sobre la LME, su prevalencia,&lt;br />sus beneficios y principales causas de abandono a través de diversas bases de datos,&lt;br />revistas científicas, manuales de prácticas clínicas, literatura científica actualizada y&lt;br />buscadores determinados.&lt;br />Como conclusión se obtuvo que es necesario promover un mantenimiento de la LME hasta los límites de&lt;br />tiempo recomendados para favorecer un correcto desarrollo del lactante. Este apoyo&lt;br />debe ir dirigido a informar a los padres y dotarlos de conocimiento para que sean capaces&lt;br />de superar los conflictos que surgen durante la lactancia, además de ofrecerles el apoyo&lt;br />emocional y psicológico que necesitan en este proceso.&lt;br />&lt;br /></subfield>
  </datafield>
  <datafield tag="521" ind1=" " ind2=" ">
    <subfield code="a">Graduado en Enfermería</subfield>
  </datafield>
  <datafield tag="540" ind1=" " ind2=" ">
    <subfield code="a">Derechos regulados por licencia Creative Commons</subfield>
  </datafield>
  <datafield tag="700" ind1=" " ind2=" ">
    <subfield code="a">Belloso Alcay, Ana</subfield>
    <subfield code="e">dir.</subfield>
  </datafield>
  <datafield tag="710" ind1="2" ind2=" ">
    <subfield code="a">Universidad de Zaragoza</subfield>
    <subfield code="b">Fisiatría y Enfermería</subfield>
    <subfield code="c">Enfermería</subfield>
  </datafield>
  <datafield tag="856" ind1="0" ind2=" ">
    <subfield code="f">777020@unizar.es</subfield>
  </datafield>
  <datafield tag="856" ind1="4" ind2=" ">
    <subfield code="s">2451245</subfield>
    <subfield code="u">http://zaguan.unizar.es/record/112612/files/TAZ-TFG-2022-651.pdf</subfield>
    <subfield code="y">Memoria (spa)</subfield>
  </datafield>
  <datafield tag="909" ind1="C" ind2="O">
    <subfield code="o">oai:zaguan.unizar.es:112612</subfield>
    <subfield code="p">driver</subfield>
    <subfield code="p">trabajos-fin-grado</subfield>
  </datafield>
  <datafield tag="950" ind1=" " ind2=" ">
    <subfield code="a"></subfield>
  </datafield>
  <datafield tag="980" ind1=" " ind2=" ">
    <subfield code="a">TAZ</subfield>
    <subfield code="b">TFG</subfield>
    <subfield code="c">EUCS</subfield>
  </datafield>
  <datafield tag="999" ind1=" " ind2=" ">
    <subfield code="a">20220512200313.CREATION_DATE</subfield>
  </datafield>
  <datafield tag="951" ind1=" " ind2=" ">
    <subfield code="a">deposita:2022-05-31</subfield>
  </datafield>
</record>
</collection>